000 00526nam a2200181Ia 4500
005 20250508150908.0
008 008 250505s9999 xx 000 0 eng d
037 _aBooks to be hide in OPAC
040 _aFEDL
_beng
_cFEDL
041 _aeng
_2eng
084 _a375.4, SCO/O
_qFEDL
245 0 _aArt in secondary schools
245 0 _cScottish Education Department
260 _aEdinburgh
_bHis Majesty's Stationery Office
_c1951
300 _a19p.
942 _cHB
_h375.4, SCO/O
999 _c1326349
_d1326349